000
00195nam a2200085Ia 4500
008
120527s9999 xx 000 0 und d
100
_a
Huffman, et al
245
_a
Psychology in action
942
_c
BK
999
_c
27516
_d
27516